[Event "VIII CAMPEONATO CONTINENTAL DE LAS AMERI"]
[Site "Hotel Casa Campestre - Cochaba"]
[Date "2013.05.11"]
[Round "6"]
[White "Gutierrez, Carmelo"]
[Black "Cruz Pereyra, Andresantoni"]
[Result "1-0"]
[WhiteElo "2253"]
[BlackElo "1947"]
[PlyCount "97"]
[EventDate "2013.05.07"]
[EventRounds "11"]
[EventCountry "BOL"]

1. c4 Nf6 2. Nf3 c6 3. g3 g6 4. b3 Bg7 5. Bb2 O-O 6. Bg2 d5 7. O-O Nbd7 8. d3
dxc4 9. bxc4 Rb8 10. Nbd2 Qc7 11. Qc2 b6 12. a4 c5 13. a5 Bb7 14. Ra3 Bc6 15.
Bc3 Ng4 16. Bxg7 Kxg7 17. Qc3+ f6 18. Ng5 Qd6 19. Nde4 Bxe4 20. Nxe4 Qe5 21.
axb6 axb6 22. Ra7 Rfd8 23. h3 Qxc3 24. Nxc3 Nh6 25. Bc6 Ne5 26. Rxe7+ Kf8 27.
Rc7 Rbc8 28. Rxc8 Rxc8 29. Bg2 Nf5 30. Ra1 Ne7 31. Ra6 Rb8 32. Ra7 h5 33. f4
N5c6 34. Rc7 Nd4 35. Kf2 Ke8 36. Be4 Kd8 37. Ra7 b5 38. cxb5 Nxb5 39. Nxb5 Rxb5
40. f5 gxf5 41. Bf3 f4 42. gxf4 Nf5 43. Bxh5 Nd4 44. Bg4 f5 45. Bf3 Ne6 46. h4
Nxf4 47. h5 Rb6 48. Rf7 Nh3+ 49. Kg3 1-0

[Event "VIII CAMPEONATO CONTINENTAL DE LAS AMERI"]
[Site "Hotel Casa Campestre - Cochaba"]
[Date "2013.05.11"]
[Round "6"]
[White "Parraga, Alejandro"]
[Black "Gemy, Jose Daniel"]
[Result "1/2-1/2"]
[WhiteElo "2163"]
[BlackElo "2320"]
[PlyCount "101"]
[EventDate "2013.05.07"]
[EventRounds "11"]
[EventCountry "BOL"]

1. d4 Nf6 2. c4 e6 3. g3 Bb4+ 4. Bd2 Qe7 5. Bg2 O-O 6. Nf3 Bxd2+ 7. Qxd2 Ne4 8.
Qc2 d5 9. O-O c6 10. Nc3 Nxc3 11. Qxc3 Nd7 12. Rfe1 a5 13. Rac1 dxc4 14. Qxc4
e5 15. dxe5 Nxe5 16. Nxe5 Qxe5 17. Qc3 Qxc3 18. Rxc3 Be6 19. a3 a4 20. Rd1 Rfd8
21. Rcd3 Rxd3 22. Rxd3 Kf8 23. f4 Ra5 24. Kf2 Rc5 25. Ke3 Rb5 26. Rd2 Rb3+ 27.
Kd4 Ke7 28. e4 b6 29. f5 c5+ 30. Ke5 f6+ 31. Kf4 g5+ 32. fxg6 hxg6 33. h4 b5
34. e5 b4 35. exf6+ Kxf6 36. Rd6 Ke7 37. Ra6 Rxb2 38. Be4 bxa3 39. Rxa4 a2 40.
Ke5 Bf7 41. Ra7+ Ke8 42. Bd5 Bxd5 43. Kxd5 Rc2 44. g4 Rg2 45. h5 g5 46. Kxc5
Rxg4 47. Kd6 Rd4+ 48. Ke5 Rh4 49. Rxa2 Rxh5 50. Kf5 g4+ 51. Kxg4 1/2-1/2

[Event "VIII CAMPEONATO CONTINENTAL DE LAS AMERI"]
[Site "Hotel Casa Campestre - Cochaba"]
[Date "2013.05.11"]
[Round "6"]
[White "Rios, Cristhian Camilo"]
[Black "Medrano, Mario"]
[Result "1/2-1/2"]
[WhiteElo "2362"]
[BlackElo "2085"]
[PlyCount "132"]
[EventDate "2013.05.07"]
[EventRounds "11"]
[EventCountry "BOL"]

1. d4 Nf6 2. c4 c5 3. d5 b5 4. cxb5 a6 5. b6 d6 6. Nc3 Nbd7 7. a4 a5 8. e4 Qxb6
9. Nf3 g6 10. Nd2 Ba6 11. Nb5 Bg7 12. Nc4 Qb8 13. Bd3 O-O 14. O-O Nb6 15. Nxa5
c4 16. Bc2 Nxa4 17. Nc6 Qb7 18. Rxa4 Bxb5 19. Rb4 Rfe8 20. Nd4 Ra5 21. Rxb5
Rxb5 22. Nxb5 Qxb5 23. Ba4 Qb8 24. Bxe8 Qxe8 25. Qc2 Qb5 26. Bg5 h6 27. Bxf6
Bxf6 28. Rc1 Bxb2 29. Qxc4 Qa5 30. Rd1 Qa7 31. g3 Be5 32. Kg2 Qb6 33. Rd3 Qb1
34. Rb3 Qe1 35. Qc2 Kg7 36. Rb1 Qa5 37. Qe2 Qc5 38. h4 Bf6 39. h5 g5 40. Rb8
Qd4 41. Qg4 Be5 42. Qc8 Qxe4+ 43. Kh2 Qh4+ 44. Kg1 Qxh5 45. Qh8+ Kg6 46. Rg8+
Kf5 47. Qh7+ Kf6 48. Kg2 Bxg3 49. Kxg3 Qh4+ 50. Kf3 Qf4+ 51. Ke2 Qg4+ 52. Kd2
Qb4+ 53. Ke3 Qe1+ 54. Kf3 Qd1+ 55. Kg3 Qg1+ 56. Kf3 Qd1+ 57. Ke3 Qe1+ 58. Kd4
Qxf2+ 59. Kd3 Qf1+ 60. Kc3 Qa1+ 61. Kb3 Qd1+ 62. Kc4 Qa4+ 63. Kd3 Qd1+ 64. Kc3
Qa1+ 65. Kb4 Qd4+ 66. Ka3 Qa1+ 1/2-1/2

[Event "VIII CAMPEONATO CONTINENTAL DE LAS AMERI"]
[Site "Hotel Casa Campestre - Cochaba"]
[Date "2013.05.11"]
[Round "6"]
[White "Sabas, Jorge"]
[Black "Arias, Pablo"]
[Result "1/2-1/2"]
[WhiteElo "2302"]
[BlackElo "2050"]
[PlyCount "92"]
[EventDate "2013.05.07"]
[EventRounds "11"]
[EventCountry "BOL"]

1. d4 d5 2. c4 c6 3. Nc3 Nf6 4. e3 Bf5 5. Nf3 e6 6. Nh4 Bg6 7. Be2 Nbd7 8. O-O
Ne4 9. g3 Be7 10. Nxg6 hxg6 11. cxd5 Nxc3 12. bxc3 cxd5 13. Qb3 Rb8 14. c4 dxc4
15. Qxc4 O-O 16. a4 Nb6 17. Qd3 Nd5 18. Bd2 Nb4 19. Qb3 a5 20. Rac1 Qb6 21. Bf3
Rfd8 22. Rfd1 Qa6 23. Qb1 Rbc8 24. Be1 Qb6 25. Kg2 Bf8 26. h4 Qa6 27. Qb3 b5
28. axb5 Qxb5 29. Rxc8 Rxc8 30. Ra1 Rc7 31. Qa4 Qxa4 32. Rxa4 Rc1 33. Bxb4 Bxb4
34. Ra2 Kf8 35. d5 exd5 36. Bxd5 Ke7 37. Kf3 Bc5 38. Ke4 Rc3 39. Kf4 Bd6+ 40.
Kg4 Bb4 41. e4 Kd6 42. h5 gxh5+ 43. Kxh5 Ra3 44. Re2 Kd7 45. Kg4 Kc7 46. e5 Kd7
1/2-1/2

[Event "VIII CAMPEONATO CONTINENTAL DE LAS AMERI"]
[Site "Hotel Casa Campestre - Cochaba"]
[Date "2013.05.11"]
[Round "6"]
[White "Cordero, Daniela"]
[Black "Rojas Barrero, Andres Humberto"]
[Result "1/2-1/2"]
[WhiteElo "2074"]
[BlackElo "2227"]
[PlyCount "86"]
[EventDate "2013.05.07"]
[EventRounds "11"]
[EventCountry "BOL"]

1. d4 f5 2. c4 Nf6 3. Nf3 g6 4. e3 Bg7 5. Nc3 O-O 6. b4 d6 7. Qb3 Qe8 8. d5 e5
9. dxe6 Bxe6 10. Be2 Kh8 11. O-O a5 12. Bb2 axb4 13. Nd5 Bxd5 14. cxd5 Qa4 15.
Qc4 c5 16. dxc6 bxc6 17. Ng5 Ra7 18. Ne6 Rff7 19. Rfd1 d5 20. Qf4 Nbd7 21. Bd4
Ra8 22. h4 Re8 23. Nxg7 Kxg7 24. Bf3 Qa8 25. Qd6 Rc8 26. Rdc1 Kg8 27. Qxb4 Rcf8
28. a4 Ne4 29. Qa3 Qd8 30. g3 g5 31. hxg5 Qxg5 32. Rxc6 Ndf6 33. Be5 Nh5 34.
Bxh5 Qxh5 35. Kg2 Qe2 36. Ra2 Qd1 37. Qb2 Qh5 38. Ra1 Ng5 39. Rh1 Qf3+ 40. Kg1
Qd1+ 41. Kg2 Qf3+ 42. Kg1 Qd1+ 43. Kg2 Qf3+ 1/2-1/2

[Event "VIII CAMPEONATO CONTINENTAL DE LAS AMERI"]
[Site "Hotel Casa Campestre - Cochaba"]
[Date "2013.05.11"]
[Round "6"]
[White "Sanchez Sandoval, Gonzalo"]
[Black "Martinez, Ariel A"]
[Result "0-1"]
[WhiteElo "2103"]
[BlackElo "2203"]
[PlyCount "48"]
[EventDate "2013.05.07"]
[EventRounds "11"]
[EventCountry "BOL"]

1. e4 c5 2. Nf3 d6 3. d4 cxd4 4. Nxd4 Nf6 5. Nc3 g6 6. Be3 Bg7 7. f3 Nc6 8. Qd2
O-O 9. Bc4 Bd7 10. h4 Ne5 11. Bb3 h5 12. O-O-O Rc8 13. Bg5 Rc5 14. Kb1 b5 15.
g4 hxg4 16. h5 Nc4 17. Bxc4 Rxc4 18. h6 Nxe4 19. Nxe4 Rxd4 20. hxg7 Rxd2 21.
gxf8=Q+ Qxf8 22. Rxd2 f6 23. Rdh2 Qf7 24. Bxf6 exf6 0-1

[Event "VIII CAMPEONATO CONTINENTAL DE LAS AMERI"]
[Site "Hotel Casa Campestre - Cochaba"]
[Date "2013.05.11"]
[Round "6"]
[White "Acosta, Mariano"]
[Black "Aliaga Fernandez, Ingrid Y"]
[Result "0-1"]
[WhiteElo "1958"]
[BlackElo "2184"]
[PlyCount "90"]
[EventDate "2013.05.07"]
[EventRounds "11"]
[EventCountry "BOL"]

1. d4 d5 2. Nf3 Nf6 3. Bf4 e6 4. e3 Be7 5. Bd3 c5 6. c3 O-O 7. Nbd2 Nc6 8. Ne5
Nxe5 9. dxe5 Nd7 10. O-O Re8 11. Nf3 Nf8 12. Qe2 Bd7 13. Rfd1 Bc6 14. Rac1 Qa5
15. Bb1 b5 16. a3 Qb6 17. h4 Qb7 18. b4 a5 19. h5 axb4 20. axb4 cxb4 21. Nd4
Bd7 22. cxb4 Bxb4 23. Bd3 Ba3 24. Rb1 b4 25. Qg4 Ba4 26. Nb3 Rac8 27. Bh6 g6
28. Bxf8 Kxf8 29. Qf4 Qe7 30. hxg6 hxg6 31. Bxg6 Kg7 32. Bd3 Rh8 33. g3 Rh5 34.
e4 Qg5 35. exd5 Qxf4 36. gxf4 exd5 37. Be2 Rh4 38. Rxd5 Bc6 39. Nd4 Bxd5 40.
Nf5+ Kf8 41. Nxh4 Be4 42. Rd1 b3 43. f3 Bc2 44. Rd7 b2 45. Kh2 b1=Q 0-1

[Event "VIII CAMPEONATO CONTINENTAL DE LAS AMERI"]
[Site "Hotel Casa Campestre - Cochaba"]
[Date "2013.05.11"]
[Round "6"]
[White "Borda, Carla"]
[Black "Celis, Kevin"]
[Result "0-1"]
[WhiteElo "1950"]
[BlackElo "2134"]
[PlyCount "65"]
[EventDate "2013.05.07"]
[EventRounds "11"]
[EventCountry "BOL"]

1. e4 e6 2. d4 d5 3. exd5 exd5 4. Bd3 Nc6 5. c3 Bd6 6. Ne2 Qh4 7. Be3 Bg4 8.
Qb3 Nge7 9. Nd2 f5 10. g3 Qh5 11. h3 O-O-O 12. f4 Bf3 13. Nxf3 Qxf3 14. Kd2 Qh5
15. Rag1 Rhe8 16. Nc1 Qf7 17. Be2 Qe6 18. Re1 a6 19. Bf2 Qf7 20. Qa4 g5 21. Nd3
gxf4 22. gxf4 Ng6 23. Bh5 Re4 24. Ne5 Ncxe5 25. fxe5 Bxe5 26. b4 Bf4+ 27. Kc2
Qe8 28. Qxe8 Rdxe8 29. a4 Bh6 30. Rhf1 R8e6 31. Bf3 Rxe1 32. Bxe1 Rxe1 33. Rxe1
0-1

[Event "VIII CAMPEONATO CONTINENTAL DE LAS AMERI"]
[Site "Hotel Casa Campestre - Cochaba"]
[Date "2013.05.11"]
[Round "6"]
[White "Borda, Cesar"]
[Black "Arias, Juan Carlos"]
[Result "0-1"]
[WhiteElo "1838"]
[BlackElo "2113"]
[PlyCount "86"]
[EventDate "2013.05.07"]
[EventRounds "11"]
[EventCountry "BOL"]

1. e4 c5 2. c3 e6 3. d4 d5 4. exd5 exd5 5. Nf3 Nc6 6. Be2 Bd6 7. O-O Nge7 8.
Re1 O-O 9. h3 Bf5 10. Be3 c4 11. b3 b5 12. Qd2 Qc7 13. a4 Na5 14. Bd1 cxb3 15.
Qb2 bxa4 16. Rxa4 Bd7 17. Ra1 Rfb8 18. Nbd2 Nc4 19. Nxc4 dxc4 20. Be2 Bb5 21.
Nd2 a6 22. Nb1 Nd5 23. Bf3 Bc6 24. Nd2 Nb6 25. Be2 Bb5 26. Bf3 Ra7 27. Be2 Na4
28. Rxa4 Bxa4 29. Nxc4 Bh2+ 30. Kh1 Bf4 31. Bf3 Bxe3 32. Nxe3 Bd7 33. c4 Qa5
34. Ra1 Qb4 35. c5 a5 36. d5 a4 37. d6 a3 38. Rxa3 Qxa3 39. Qd4 Qa1+ 40. Qxa1
Rxa1+ 41. Kh2 b2 42. Be4 b1=Q 43. Bxb1 Raxb1 0-1

[Event "VIII CAMPEONATO CONTINENTAL DE LAS AMERI"]
[Site "Hotel Casa Campestre - Cochaba"]
[Date "2013.05.11"]
[Round "6"]
[White "Molina, Jorge"]
[Black "Prado, Alexandra"]
[Result "1-0"]
[WhiteElo "2144"]
[BlackElo "1790"]
[PlyCount "75"]
[EventDate "2013.05.07"]
[EventRounds "11"]
[EventCountry "BOL"]

1. d4 Nf6 2. Nf3 g6 3. c4 Bg7 4. Nc3 O-O 5. e4 d6 6. Be2 Nc6 7. O-O e5 8. d5
Ne7 9. Ne1 a5 10. Nd3 Ne8 11. c5 f5 12. f3 f4 13. Bd2 g5 14. Rc1 Kh8 15. Nb5
Bd7 16. Nf2 Rg8 17. Rc3 Bf8 18. cxd6 cxd6 19. Qc2 h5 20. Nc7 Nxc7 21. Rxc7 Bc8
22. h3 b6 23. Rc1 Bd7 24. a4 Bg7 25. Qb3 Rc8 26. Qxb6 Bxa4 27. Qxa5 Ra8 28. Qb4
Nc8 29. Qb7 Na7 30. b3 Be8 31. Be1 Bg6 32. Rd7 Qf6 33. Rcc7 Rgb8 34. Qxa7 Rxa7
35. Rxa7 Bf8 36. Bc4 Re8 37. Ba5 Re7 38. Bd8 1-0

[Event "VIII CAMPEONATO CONTINENTAL DE LAS AMERI"]
[Site "Hotel Casa Campestre - Cochaba"]
[Date "2013.05.11"]
[Round "6"]
[White "Aguilar, Pedro"]
[Black "Ferrufino, Boris"]
[Result "1-0"]
[WhiteElo "1987"]
[BlackElo "2211"]
[PlyCount "77"]
[EventDate "2013.05.07"]
[EventRounds "11"]
[EventCountry "BOL"]

1. c4 Nf6 2. g3 e6 3. Bg2 Be7 4. Nc3 O-O 5. Nf3 b6 6. O-O Bb7 7. d3 d6 8. b3
Nbd7 9. Bb2 e5 10. Re1 Re8 11. Nxe5 Bxg2 12. Nxd7 Bb7 13. Nxf6+ Bxf6 14. e4 Bd4
15. Qc2 f5 16. Nd5 Bxb2 17. Qxb2 c6 18. Nc3 Qf6 19. Nd1 Qg6 20. f3 Re6 21. Nf2
Rae8 22. Qd2 d5 23. exf5 Qxf5 24. Rxe6 Rxe6 25. Kg2 c5 26. cxd5 Bxd5 27. Ne4
Rh6 28. g4 Rxh2+ 29. Kxh2 Qe5+ 30. Kg2 Qxa1 31. Qg5 Bxe4 32. Qd8+ Kf7 33. Qd7+
Kg6 34. dxe4 Qb2+ 35. Kh3 Qf6 36. Kg2 a6 37. Kg3 h6 38. Qd5 Qd4 39. Qf5# 1-0

[Event "VIII CAMPEONATO CONTINENTAL DE LAS AMERI"]
[Site "Hotel Casa Campestre - Cochaba"]
[Date "2013.05.11"]
[Round "6"]
[White "Monroy, Osvaldo"]
[Black "Delgadillo, Adonay"]
[Result "0-1"]
[WhiteElo "1954"]
[BlackElo "2161"]
[PlyCount "70"]
[EventDate "2013.05.07"]
[EventRounds "11"]
[EventCountry "BOL"]

1. e4 c5 2. Nf3 d6 3. d4 cxd4 4. Nxd4 Nf6 5. Nc3 a6 6. Be2 e6 7. O-O Be7 8. Kh1
Nc6 9. Be3 Bd7 10. f4 O-O 11. Bf3 Qc7 12. Qd2 Rac8 13. g4 Nxd4 14. Qxd4 e5 15.
Qd2 Bxg4 16. Bxg4 Nxg4 17. Nd5 Qd8 18. Bb6 Qd7 19. c3 Kh8 20. Rad1 Rc6 21. Rf3
Bd8 22. Bxd8 Qxd8 23. Qg2 Nf6 24. Rg3 g6 25. Nb4 Rc4 26. fxe5 Nxe4 27. Rgd3 Qh4
28. Rd4 Rxd4 29. Rxd4 Qe1+ 30. Qg1 Qe2 31. exd6 Re8 32. Nd3 Qf3+ 33. Qg2 Nf2+
34. Kg1 Nh3+ 35. Kh1 Qd1+ 0-1

[Event "VIII CAMPEONATO CONTINENTAL DE LAS AMERI"]
[Site "Hotel Casa Campestre - Cochaba"]
[Date "2013.05.11"]
[Round "6"]
[White "Nunez Marquina, Nataly Massiel"]
[Black "Herrera, Fernando"]
[Result "0-1"]
[WhiteElo "1942"]
[BlackElo "2086"]
[PlyCount "104"]
[EventDate "2013.05.07"]
[EventRounds "11"]
[EventCountry "BOL"]

1. e4 c5 2. Nf3 e6 3. b3 d6 4. Bb2 Nf6 5. e5 dxe5 6. Nxe5 Be7 7. Bb5+ Nbd7 8.
O-O O-O 9. Re1 a6 10. Bd3 Nxe5 11. Bxe5 Bd7 12. Nc3 Bc6 13. Bxf6 Bxf6 14. Qh5
g6 15. Qxc5 Bd4 16. Qa3 Qg5 17. Be4 Qxd2 18. Bxc6 Bxf2+ 19. Kh1 Bxe1 20. Ne4
Qe2 21. h3 Qf1+ 22. Kh2 bxc6 23. Qc1 f5 24. Ng5 Bg3+ 25. Kxg3 Qxc1 26. Rxc1 e5
27. Rd1 Rfd8 28. Re1 e4 29. Re2 Rd6 30. h4 Rad8 31. Nh3 Rd2 32. Kf2 Kg7 33. Nf4
Kf6 34. g3 Ke5 35. Ke3 Rxe2+ 36. Nxe2 Rd1 37. a4 a5 38. Nc3 Rg1 39. Ne2 Re1 40.
Kd2 Rxe2+ 41. Kxe2 Kd4 42. Kd2 c5 43. c3+ Ke5 44. Ke3 h6 45. Ke2 g5 46. hxg5
hxg5 47. Ke3 f4+ 48. gxf4+ gxf4+ 49. Kf2 c4 50. b4 axb4 51. a5 Kd6 52. cxb4 c3
0-1

[Event "VIII CAMPEONATO CONTINENTAL DE LAS AMERI"]
[Site "Hotel Casa Campestre - Cochaba"]
[Date "2013.05.11"]
[Round "6"]
[White "Aguilar, Luis Miguel"]
[Black "Slomka, Gustavo"]
[Result "1/2-1/2"]
[WhiteElo "1903"]
[BlackElo "2055"]
[PlyCount "87"]
[EventDate "2013.05.07"]
[EventRounds "11"]
[EventCountry "BOL"]

1. Nf3 d5 2. c4 c6 3. g3 Nf6 4. Bg2 g6 5. b3 Bg7 6. Bb2 O-O 7. O-O Bf5 8. d3 a5
9. a3 Nbd7 10. b4 dxc4 11. dxc4 axb4 12. axb4 Qb6 13. Rxa8 Rxa8 14. Bc3 Ra2 15.
Nd4 Be4 16. f3 Bxb1 17. Qxb1 Nd5 18. Qxa2 Nxc3 19. Qa8+ Nf8 20. e3 Qxb4 21. Kh1
e5 22. Nxc6 bxc6 23. Qxc6 Qb2 24. c5 Ne6 25. Qc8+ Bf8 26. c6 Qb6 27. Bh3 Nc7
28. Qb7 Qa5 29. e4 N3b5 30. Bg2 Qd2 31. Qc8 Qd6 32. Rc1 Kg7 33. Qd7 Nd4 34. f4
Ne2 35. fxe5 Qxe5 36. Rf1 Be7 37. Qd3 Nd4 38. Qc4 Nce6 39. Bh3 Ng5 40. Bg2 h5
41. Rd1 h4 42. Qxd4 Qxd4 43. Rxd4 Ne6 44. Rd7 1/2-1/2

[Event "VIII CAMPEONATO CONTINENTAL DE LAS AMERI"]
[Site "Hotel Casa Campestre - Cochaba"]
[Date "2013.05.11"]
[Round "6"]
[White "Monroy Carrizo, Javier"]
[Black "Arias, Juan Cruz"]
[Result "0-1"]
[WhiteElo "2053"]
[BlackElo "1933"]
[PlyCount "93"]
[EventDate "2013.05.07"]
[EventRounds "11"]
[EventCountry "BOL"]

1. d4 e6 2. Nf3 f5 3. g3 Nf6 4. c4 d5 5. Bg2 c6 6. O-O Bd6 7. Nc3 O-O 8. Nd2
Qe7 9. f3 e5 10. dxe5 Bxe5 11. cxd5 cxd5 12. Nb3 Be6 13. Bg5 Nbd7 14. Rc1 Rac8
15. Qd2 Nb6 16. e3 Rfd8 17. Nd4 Nc4 18. Qf2 h6 19. Bf4 Nd7 20. Rfd1 Bxd4 21.
exd4 g5 22. b3 Ncb6 23. Bd2 Nb8 24. Re1 Qf6 25. h4 Nc6 26. hxg5 hxg5 27. Ne2
Kf7 28. a4 a6 29. Qe3 Rg8 30. Kf2 Rg7 31. a5 Nd7 32. f4 g4 33. b4 Rgg8 34. Qd3
Qe7 35. b5 axb5 36. Qxb5 Nf6 37. Rb1 Rc7 38. Rec1 Rgc8 39. Rh1 Kg7 40. Rh4 Qd7
41. Rbh1 Ne7 42. Qb3 Bg8 43. Qe3 Ng6 44. Rh6 Re8 45. Qd3 Ne4+ 46. Bxe4 fxe4 47.
Qe3 0-1

[Event "VIII CAMPEONATO CONTINENTAL DE LAS AMERI"]
[Site "Hotel Casa Campestre - Cochaba"]
[Date "2013.05.11"]
[Round "6"]
[White "Estrada, Lucia"]
[Black "Tapia, Mauricio"]
[Result "0-1"]
[WhiteElo "2034"]
[BlackElo "1907"]
[PlyCount "90"]
[EventDate "2013.05.07"]
[EventRounds "11"]
[EventCountry "BOL"]

1. d4 Nf6 2. c4 g6 3. Nc3 Bg7 4. e4 d6 5. f3 O-O 6. Be3 e5 7. d5 c6 8. Bd3 Na6
9. Qd2 Nb4 10. Bb1 a5 11. Nge2 Qc7 12. g4 cxd5 13. cxd5 Bd7 14. h4 h5 15. gxh5
Nxh5 16. Rg1 Qd8 17. Bg5 Bf6 18. a3 Bxg5 19. Rxg5 Na6 20. Bc2 Qf6 21. Qe3 b5
22. Kf2 b4 23. Na4 Bxa4 24. Bxa4 Nc5 25. Bc6 Rab8 26. a4 Nf4 27. Rh1 Kg7 28.
Rg4 Rh8 29. Bb5 Nh5 30. b3 Kf8 31. Rc1 Ke7 32. Rc2 Ng7 33. Kg3 Nh5+ 34. Kh3 Rh7
35. Ng1 Nf4+ 36. Kg3 Rbh8 37. Rh2 Rxh4 38. Rhxh4 Rxh4 39. Bf1 Nh5+ 40. Kg2
Rxg4+ 41. fxg4 Qf4 42. Qf3 Nf6 43. Bc4 Nxg4 44. Qxf4 exf4 45. Kf3 Ne5+ 0-1

[Event "VIII CAMPEONATO CONTINENTAL DE LAS AMERI"]
[Site "Hotel Casa Campestre - Cochaba"]
[Date "2013.05.11"]
[Round "6"]
[White "Avila, Carlos"]
[Black "Ramirez, M. Eugenia"]
[Result "1/2-1/2"]
[WhiteElo "1848"]
[BlackElo "1996"]
[PlyCount "105"]
[EventDate "2013.05.07"]
[EventRounds "11"]
[EventCountry "BOL"]

1. e4 e5 2. Nf3 Nc6 3. d4 exd4 4. Nxd4 Qh4 5. Nb5 Bb4+ 6. Bd2 Qxe4+ 7. Be2 Kd8
8. O-O Nf6 9. a3 Bxd2 10. Nxd2 Qe7 11. Re1 Re8 12. Nf3 a6 13. Nc3 Qc5 14. Qd2
Ne5 15. Nxe5 Rxe5 16. b4 Qf8 17. Bc4 Rxe1+ 18. Rxe1 b5 19. Bd5 Rb8 20. Qd4 Rb6
21. Qh4 h6 22. Bf3 Re6 23. Rxe6 dxe6 24. Qd4+ Qd6 25. Qd1 Qxd1+ 26. Nxd1 Nd7
27. Ne3 c5 28. c4 cxb4 29. axb4 bxc4 30. Nxc4 Kc7 31. Kf1 Nb6 32. Ne5 f6 33.
Nd3 Nc4 34. Ke2 Kb6 35. Kd1 e5 36. Kc2 Bf5 37. Kc3 Na3 38. Nc5 Nb5+ 39. Kc4 Bc8
40. Na4+ Kc7 41. Nc5 Nd4 42. Bd5 h5 43. f4 Nf5 44. fxe5 fxe5 45. Be6 Bxe6+ 46.
Nxe6+ Kc6 47. Kd3 g6 48. Ke4 Kb6 49. g3 Nd4 50. Nxd4 exd4 51. Kxd4 Kb5 52. Kc3
g5 53. h3 1/2-1/2

[Event "VIII CAMPEONATO CONTINENTAL DE LAS AMERI"]
[Site "Hotel Casa Campestre - Cochaba"]
[Date "2013.05.11"]
[Round "6"]
[White "Molina, Ruben"]
[Black "Medrano, Sebastian"]
[Result "1-0"]
[WhiteElo "2030"]
[BlackElo "1803"]
[PlyCount "71"]
[EventDate "2013.05.07"]
[EventRounds "11"]
[EventCountry "BOL"]

1. d4 Nf6 2. c4 e5 3. d5 Bc5 4. e3 d6 5. Nc3 a6 6. Qc2 O-O 7. Bd3 Re8 8. h3 Qe7
9. e4 Nbd7 10. g4 Bd4 11. Be3 Nc5 12. Nf3 Bxe3 13. fxe3 Nxd3+ 14. Qxd3 Nd7 15.
O-O Nc5 16. Qc2 h5 17. b4 hxg4 18. bxc5 gxf3 19. Rxf3 dxc5 20. Raf1 Qg5+ 21.
Kh2 Re7 22. Na4 b6 23. Rg3 Qh6 24. Rfg1 Kf8 25. Qg2 f6 26. d6 cxd6 27. Qd2 Bd7
28. Nxb6 Rb8 29. Qxd6 Rb7 30. Nd5 Be6 31. Nxe7 Rxe7 32. Qxc5 g5 33. Rf1 g4 34.
Qxe5 Bf7 35. Qb8+ Be8 36. Qd6 1-0

[Event "VIII CAMPEONATO CONTINENTAL DE LAS AMERI"]
[Site "Hotel Casa Campestre - Cochaba"]
[Date "2013.05.11"]
[Round "6"]
[White "Gamboa, Anibal"]
[Black "Lopez, Bruno"]
[Result "1-0"]
[WhiteElo "2126"]
[BlackElo "1734"]
[PlyCount "76"]
[EventDate "2013.05.07"]
[EventRounds "11"]
[EventCountry "BOL"]

1. b3 d5 2. Bb2 Bf5 3. Nf3 Nd7 4. e3 Ngf6 5. Bb5 c6 6. Be2 e6 7. O-O h6 8. c4
Bd6 9. d4 O-O 10. Nc3 Re8 11. Nh4 Bh7 12. f4 Rc8 13. c5 Bf8 14. b4 b6 15. Nf3
Rb8 16. Ne5 Qc7 17. cxb6 axb6 18. Rc1 c5 19. Nb5 Qb7 20. bxc5 bxc5 21. dxc5
Nxc5 22. Bd4 Rec8 23. a4 Ra8 24. Ra1 Nfd7 25. Nxd7 Nxd7 26. a5 Rcb8 27. Bc5
Bxc5 28. Nd4 Qc7 29. a6 e5 30. fxe5 Qxe5 31. Nc6 Qxe3+ 32. Kh1 Rc8 33. Bb5 Be4
34. Qg4 f5 35. Qg6 Rf8 36. Qe6+ Kh7 37. Ne5 Rf6 38. Qxd7 Ra7 1-0

[Event "VIII CAMPEONATO CONTINENTAL DE LAS AMERI"]
[Site "Hotel Casa Campestre - Cochaba"]
[Date "2013.05.11"]
[Round "6"]
[White "Coro, Renan"]
[Black "Rivas, Lucas"]
[Result "1-0"]
[WhiteElo "1922"]
[BlackElo "1987"]
[PlyCount "55"]
[EventDate "2013.05.07"]
[EventRounds "11"]
[EventCountry "BOL"]

1. d4 Nf6 2. Bg5 c5 3. Bxf6 gxf6 4. dxc5 Qa5+ 5. c3 Qxc5 6. e3 d5 7. Bd3 e5 8.
Nd2 Qb6 9. Qb3 Qxb3 10. Nxb3 Nc6 11. O-O-O Be6 12. Ne2 Rc8 13. Kb1 h5 14. h4 a6
15. Ng3 Ne7 16. Rhe1 Ng6 17. Rh1 Ne7 18. e4 Rc7 19. Be2 dxe4 20. Nxe4 Bg7 21.
Nd6+ Kf8 22. Nxb7 Nc6 23. Bxa6 Ke7 24. N7c5 Ra8 25. Nxe6 fxe6 26. Be2 Rca7 27.
Bf3 Ra6 28. Nc5 1-0

[Event "VIII CAMPEONATO CONTINENTAL DE LAS AMERI"]
[Site "Hotel Casa Campestre - Cochaba"]
[Date "2013.05.11"]
[Round "6"]
[White "Caba, Edgar"]
[Black "Quiroga, Duberlin"]
[Result "0-1"]
[WhiteElo "1861"]
[BlackElo "2078"]
[PlyCount "88"]
[EventDate "2013.05.07"]
[EventRounds "11"]
[EventCountry "BOL"]

1. e4 d6 2. d4 g6 3. Nf3 Bg7 4. c4 Nf6 5. Nc3 O-O 6. Be2 Nc6 7. O-O e5 8. d5
Ne7 9. Ne1 Ne8 10. Be3 f5 11. f3 f4 12. Bf2 g5 13. Nd3 Nf6 14. b4 h5 15. Rc1
Bh6 16. Rc2 Rf7 17. c5 Bd7 18. cxd6 cxd6 19. Ne1 a6 20. a4 Qf8 21. b5 Qg7 22.
Bb6 g4 23. Kh1 Qg5 24. Rg1 Qh4 25. g3 fxg3 26. Rxg3 Bf4 27. Ng2 Qg5 28. Nxf4
exf4 29. Rg2 g3 30. hxg3 fxg3 31. Bf1 h4 32. Qd2 Rg7 33. Qxg5 Rxg5 34. Be3 Rg7
35. Rcd2 h3 36. Bc4 Ng6 37. Bh6 Ne5 38. Bxg7 Kxg7 39. Be2 axb5 40. axb5 Nh5 41.
Rg1 Nf4 42. Bd1 Nfd3 43. Rb2 Ra3 44. Rb3 Nf2# 0-1

[Event "VIII CAMPEONATO CONTINENTAL DE LAS AMERI"]
[Site "Hotel Casa Campestre - Cochaba"]
[Date "2013.05.11"]
[Round "6"]
[White "Molina, Jessica"]
[Black "Vidaurre, Luis"]
[Result "0-1"]
[WhiteElo "1585"]
[BlackElo "1836"]
[PlyCount "86"]
[EventDate "2013.05.07"]
[EventRounds "11"]
[EventCountry "BOL"]

1. d4 d5 2. c4 e6 3. Nc3 Nf6 4. Bg5 Be7 5. Nf3 c6 6. e3 h6 7. Bh4 O-O 8. Rc1 a6
9. Bd3 Nbd7 10. O-O b5 11. cxd5 cxd5 12. a3 Bb7 13. b4 Ne4 14. Bxe7 Qxe7 15.
Nd2 f5 16. f3 Nxc3 17. Rxc3 Rfc8 18. Rxc8+ Rxc8 19. Qb3 Nb6 20. Rf2 Rc1+ 21.
Rf1 Qc7 22. Rxc1 Qxc1+ 23. Nf1 Nc4 24. Kf2 Nxa3 25. Ke2 Nc4 26. Qb1 Qc3 27.
Bxc4 dxc4 28. Nd2 Qa3 29. Kd1 Qxe3 30. Qb2 c3 31. Qa2 Qxd4 32. Kc1 cxd2+ 33.
Qxd2 Qa1+ 34. Kc2 a5 35. bxa5 Qa4+ 36. Kd3 f4 37. Qc3 b4 38. Qc2 Qb5+ 39. Kd2
b3 40. Qb2 Qxa5+ 41. Kd1 Qc5 42. Qc1 Qg1+ 43. Kd2 Qxg2+ 0-1

[Event "VIII CAMPEONATO CONTINENTAL DE LAS AMERI"]
[Site "Hotel Casa Campestre - Cochaba"]
[Date "2013.05.12"]
[Round "7"]
[White "Flores, Diego"]
[Black "Granda Zuniga, Julio E"]
[Result "1/2-1/2"]
[WhiteElo "2586"]
[BlackElo "2659"]
[PlyCount "49"]
[EventDate "2013.05.07"]
[EventRounds "11"]
[EventCountry "BOL"]

1. c4 c5 2. g3 Nc6 3. Bg2 g6 4. Nc3 Bg7 5. Nf3 e5 6. O-O Nge7 7. a3 O-O 8. Rb1
a5 9. Ne1 d6 10. Nc2 a4 11. d3 Qd7 12. b4 axb3 13. Rxb3 Ra6 14. Ne3 Nd4 15. Rb1
b6 16. Ned5 Nxd5 17. Nxd5 Qa7 18. e3 Nf5 19. Rb3 Ne7 20. Qf3 Nxd5 21. Qxd5 Be6
22. Qb7 Rb8 23. Qxa7 Rxa7 24. Bd2 Bf6 25. Rfb1 1/2-1/2